| 000 | 01094nam0a22002891 4500 | ||
|---|---|---|---|
| 001 | rc\297710 | ||
| 005 | 20250621024220.0 | ||
| 010 |
_a5-625-00767-5 _91330 |
||
| 035 | _a(NLR Aleph) 005530174 | ||
| 090 |
_a5600870 _c5600870 |
||
| 100 | _a20030307d1990 |||y0rusy50 ca | ||
| 101 | 0 | _arus | |
| 102 | _aRU | ||
| 105 | _aa ||||||||| | ||
| 200 | 1 |
_aРусский язык в картинках _eУчеб. для 1-го кл. четырехлет. нач. уйгур. шк. |
|
| 205 | _a3-е изд. | ||
| 210 |
_aАлма-Ата _cМектеп _d1990 |
||
| 215 |
_a95, [1] с. _cил. _d22 |
||
| 300 | _aПеред вып. дан. 1-й авт.: Есенжолова Роза Дуйсебаевна | ||
| 700 | 1 |
_7ca _8rus _aЕсенжолова _bР. Д. _f1927- _gРоза Дуйсебаевна _9191427 _3RU\NLR\AUTH\770191478 |
|
| 701 | 1 |
_7ca _8rus _aКамшилина _bВ. К. _f1940- _gВера Константиновна _9191429 _3RU\NLR\AUTH\770191480 |
|
| 801 | 0 |
_aRU _bNLR _gpsbo |
|
| 801 | 1 |
_aRU _bELAR _2rusmarc |
|
| 852 |
_aNLR _j89-6/4303 |
||
| 942 | _cBOOK | ||
| 980 | _aNB | ||